| 000 | 00432nam a22001697a 4500 | ||
|---|---|---|---|
| 003 | MPLRDC | ||
| 005 | 20220104152853.0 | ||
| 008 | 210129b ||||| |||| 00| 0 eng d | ||
| 082 | _a539.52 SCMZ | ||
| 100 | _a四川省民间文艺研究会编 | ||
| 245 |
_a阿叩登巴的故事 _c |
||
| 250 | _a初版 | ||
| 260 |
_a _b四川民族出版社 _c1980 |
||
| 300 | _b平 | ||
| 650 | _a中国民间故事 | ||
| 942 |
_cBK _o539.52 SCMZ |
||
| 999 |
_c53135 _d53125 |
||